000 01208nam0a22003251 4500
001 rc\3500185
005 20130115141804.6
021 _aRU
_b[74-56842]
035 _a(NLR Aleph) 007652729
090 _a6246504
_c6246504
100 _a20130115d1974 |||y0rusy50 ca
101 0 _arus
102 _aRU
105 _aa z |||||
200 1 _aБелки плазмы и их фракционирование в производстве препаратов крови
210 _aМосква
_cМедицина
_d1974
215 _a251 с.
_cил.
_d21
300 _aНа обороте тит. л. авт.: А.А. Фром, Л.И. Скобелев, В.М. Русанов, А.Н. Никитенко
320 _aСписки лит. в конце глав
606 _aКровь
_xБелки
_2psbo
606 _aКровь
_xПрепараты
_xПриготовление
_2psbo
701 1 _aСкобелев
_bЛ. И.
701 1 _aРусанов
_bВ. М.
701 1 _aНикитенко
_bА. Н.
701 1 _aФром
_bА. А.
_gАнатолий Александрович
801 0 _aRU
_bNLR
_gpsbo
801 1 _aRU
_bELAR
_2rusmarc
852 _aNLR
_j74-3/1272
942 _cBOOK
980 _aNB